[Event "SRB-ch U14"]
[Site "Novi Sad"]
[Date "2018.04.07"]
[Round "7"]
[White "Mijatovic, Dusan"]
[Black "Pandurovic, Nikola"]
[Result "1-0"]
[WhiteElo "2031"]
[BlackElo "1624"]
[PlyCount "58"]
[EventDate "2018.04.02"]
[EventType "swiss"]
[EventRounds "9"]
[EventCountry "SRB"]
[SourceTitle "EXT 2019"]
[Source "ChessBase"]
[SourceDate "2018.10.10"]
[SourceVersion "1"]
[SourceVersionDate "2018.10.10"]
[SourceQuality "1"]

1. e4 c5 2. Nf3 d6 3. g3 Nf6 4. d3 g6 5. Bg2 Bg7 6. 0-0 0-0 7. c3 Nc6 8. Re1 e5 9. a3 a5 10. a4 d5 11. exd5 Nxd5 12. Na3 Re8 13. Nc4 Bf5 14. Nh4 Be6 15. Qb3 Qd7 16. Qb5 Qe7 17. Nf3 f6 18. Nfd2 f5 19. Nb3 Qc7 20. Nxc5 Nf6 21. Qxb7 Qxb7 22. Nxb7 Bxc4 23. dxc4 e4 24. Nd6 Red8 25. c5 Bf8 26. Rd1 Ne5 27. Bf4 Nc6 28. f3 exf3 29. Bxf3 Rac8 1-0

[Event "SRB-ch U14"]
[Site "Novi Sad"]
[Date "2018.04.06"]
[Round "6"]
[White "Pandurovic, Nikola"]
[Black "Popovic, Vojin"]
[Result "1-0"]
[WhiteElo "1624"]
[BlackElo "1476"]
[PlyCount "137"]
[EventDate "2018.04.02"]
[EventType "swiss"]
[EventRounds "9"]
[EventCountry "SRB"]
[SourceTitle "EXT 2019"]
[Source "ChessBase"]
[SourceDate "2018.10.10"]
[SourceVersion "1"]
[SourceVersionDate "2018.10.10"]
[SourceQuality "1"]

1. d4 d5 2. c4 c6 3. cxd5 cxd5 4. Bg5 Nf6 5. Bxf6 gxf6 6. Nc3 Nc6 7. e3 a6 8. Bd3 e6 9. Nge2 Bd6 10. Rc1 f5 11. Ng3 Qh4 12. Qf3 Qg4 13. Qxg4 fxg4 14. 0-0 h5 15. e4 Nxd4 16. exd5 h4 17. Nge4 Be5 18. Rfe1 h3 19. Ng5 Bf4 20. Nce4 Bxc1 21. Rxc1 hxg2 22. Nd6+ Kd7 23. Ndxf7 Rh4 24. dxe6+ Nxe6 25. Bf5 Ke7 26. Re1 Bd7 27. Bxe6 Bxe6 28. Rxe6+ Kf8 29. Kxg2 Rc8 30. Kg3 Rh5 31. Re5 Kg8 32. Nd6 Rc2 33. Nf5 Rxg5 34. Ne7+ Kf7 35. Rxg5 Rxb2 36. Nf5 Rxa2 37. Nd6+ Kf6 38. Ne4+ Kf7 39. Rxg4 b5 40. h4 Ra1 41. Kg2 Rd1 42. Rf4+ Kg7 43. Rf6 a5 44. Rf5 Rb1 45. Nd6 Rb4 46. Kg3 Rb3+ 47. f3 a4 48. Rxb5 Rd3 49. Nf5+ Kf6 50. Ra5 a3 51. Kf4 Rb3 52. Nd4 Rb4 53. Ke4 Kg6 54. Rg5+ Kf6 55. Rf5+ Kg6 56. h5+ Kh6 57. Ra5 Rc4 58. Kd3 Rc1 59. Ne2 Rf1 60. Ke3 Ra1 61. f4 a2 62. Ke4 Kg7 63. Kf5 Kh6 64. Kf6 Kh7 65. Ra8 Rh1 66. Rxa2 Rxh5 67. Ra7+ Kh8 68. Kg6 Rh2 69. Ra8# 1-0

[Event "SRB-ch U14"]
[Site "Novi Sad"]
[Date "2018.04.04"]
[Round "4"]
[White "Pandurovic, Nikola"]
[Black "Markovic, Milos"]
[Result "1-0"]
[WhiteElo "1624"]
[BlackElo "1675"]
[PlyCount "57"]
[EventDate "2018.04.02"]
[EventType "swiss"]
[EventRounds "9"]
[EventCountry "SRB"]
[SourceTitle "EXT 2019"]
[Source "ChessBase"]
[SourceDate "2018.10.10"]
[SourceVersion "1"]
[SourceVersionDate "2018.10.10"]
[SourceQuality "1"]

1. d4 Nf6 2. Nf3 d5 3. e3 Bf5 4. c4 c6 5. cxd5 cxd5 6. Nc3 e6 7. Ne5 Bd6 8. g4 Bg6 9. h4 h5 10. Nxg6 fxg6 11. g5 Ng8 12. Bh3 Qd7 13. Bd2 a6 14. Nxd5 Qc6 15. Bxe6 Ne7 16. Rc1 Qb5 17. Nxe7 Kxe7 18. Bb3 Rf8 19. d5 Nd7 20. Qc2 Ne5 21. Qe4 Kd8 22. Bc4 Qxb2 23. Rc2 Qa3 24. Ke2 Qa4 25. f4 Nxc4 26. Rxc4 Qd7 27. Ba5+ Bc7 28. Bxc7+ Kc8 29. Bb6+ 1-0